Introduction to quantum field theory / (Record no. 4179)
[ view plain ]
| 000 -LEADER | |
|---|---|
| fixed length control field | 00686nam a2200229 4500 |
| 001 - CONTROL NUMBER | |
| control field | 12726 |
| 003 - CONTROL NUMBER IDENTIFIER | |
| control field | BD-DhUAP |
| 005 - DATE AND TIME OF LATEST TRANSACTION | |
| control field | 20201129104123.0 |
| 008 - FIXED-LENGTH DATA ELEMENTS--GENERAL INFORMATION | |
| fixed length control field | 201103s2009 bg a 001 0 eng d |
| 020 ## - INTERNATIONAL STANDARD BOOK NUMBER | |
| International Standard Book Number | 948300002700 |
| 040 ## - CATALOGING SOURCE | |
| Original cataloging agency | BD-DhUAP |
| Language of cataloging | Eng |
| Transcribing agency | BD-DhUAP |
| Modifying agency | BD-DhUAP |
| 082 00 - DEWEY DECIMAL CLASSIFICATION NUMBER | |
| Classification number | 530.143 HAR |
| Edition number | 23 |
| 100 1# - MAIN ENTRY--PERSONAL NAME | |
| Personal name | Harun ar Rashid, A. M. |
| 245 10 - TITLE STATEMENT | |
| Title | Introduction to quantum field theory / |
| Statement of responsibility, etc. | A. M. Harun ar Rashid. |
| 250 ## - EDITION STATEMENT | |
| Edition statement | 1st ed. |
| 260 ## - PUBLICATION, DISTRIBUTION, ETC. | |
| Place of publication, distribution, etc. | Dhaka : |
| Name of publisher, distributor, etc. | The University Grand Commission of Bangladesh, |
| Date of publication, distribution, etc. | c2009. |
| 300 ## - PHYSICAL DESCRIPTION | |
| Extent | xvi, 366 pages : |
| Other physical details | illustrations ; |
| Dimensions | 23 cm. |
| 500 ## - GENERAL NOTE | |
| General note | Includes Index. |
| 650 #0 - SUBJECT ADDED ENTRY--TOPICAL TERM | |
| Topical term or geographic name entry element | Quantum field theory. |
| 942 ## - ADDED ENTRY ELEMENTS (KOHA) | |
| Source of classification or shelving scheme | |
| Koha item type | Book |
| Withdrawn status | Lost status | Source of classification or shelving scheme | Damaged status | Not for loan | Permanent Location | Current Location | Shelving location | Date acquired | Full call number | Barcode | Date last seen | Copy number | Price effective from | Koha item type | Total Checkouts | Date last checked out | Total Renewals |
|---|---|---|---|---|---|---|---|---|---|---|---|---|---|---|---|---|---|
| UAP Central Library | UAP Central Library | General Stacks | 2020-11-03 | 530.143 HAR | 3010012726 | 2020-11-03 | 1 | 2020-11-03 | Book | ||||||||
| UAP Central Library | UAP Central Library | General Stacks | 2020-11-03 | 530.143 HAR | 3010012724 | 2020-11-03 | 2 | 2020-11-03 | Book | ||||||||
| UAP Central Library | UAP Central Library | General Stacks | 2020-11-03 | 530.143 HAR | 3010012727 | 2021-06-09 | 3 | 2020-11-03 | Book | 1 | 2020-11-17 | ||||||
| UAP Central Library | UAP Central Library | General Stacks | 2020-11-03 | 530.143 HAR | 3010012725 | 2020-11-03 | 4 | 2020-11-03 | Book | ||||||||
| UAP Central Library | UAP Central Library | General Stacks | 2020-11-03 | 530.143 HAR | 3010012729 | 2020-11-03 | 5 | 2020-11-03 | Book | ||||||||
| UAP Central Library | UAP Central Library | General Stacks | 2020-11-03 | 530.143 HAR | 3010012728 | 2020-11-03 | 6 | 2020-11-03 | Book | ||||||||
| UAP Central Library | UAP Central Library | General Stacks | 2020-11-03 | 530.143 HAR | 3010012733 | 2020-11-03 | 7 | 2020-11-03 | Book | ||||||||
| UAP Central Library | UAP Central Library | General Stacks | 2020-11-03 | 530.143 HAR | 3010012732 | 2020-11-03 | 8 | 2020-11-03 | Book | ||||||||
| UAP Central Library | UAP Central Library | General Stacks | 2020-11-03 | 530.143 HAR | 3010012731 | 2021-06-09 | 9 | 2020-11-03 | Book | 1 | 2020-11-17 | 1 | |||||
| UAP Central Library | UAP Central Library | General Stacks | 2020-11-04 | 530.143 HAR | 3010012730 | 2020-11-04 | 10 | 2020-11-04 | Book |
Bengali Keyboard